| 000 | 00953nam a2200241 a 4500 | ||
|---|---|---|---|
| 008 | 951122s1986||||[C 0 slo c | ||
| 020 |
_c18 Kčs. _q(18000 výtl.) |
||
| 040 |
_aSNK _bslo _cSNK _eAACR2 |
||
| 041 | 1 |
_aslo _hrus |
|
| 044 |
_axo _cSK |
||
| 080 | _a141.82(081) | ||
| 100 | 1 |
_aLenin, Vladimir Iljič _4aut |
|
| 245 | 1 | 0 |
_aZobrané spisy. /Zv./ 31 _bMarec-apríl 1917 _cVladimir Iljič Lenin ; Vladimir Iľjič Lenin, Viktória Dorotjaková, Mária Filkusová, Oto Takáč |
| 250 | _a2., vyd. | ||
| 260 |
_aBratislava _bPravda _c1986 _eBratislava _fPravda |
||
| 300 |
_a791 s., 33,77 AH _bFot. _c20 cm |
||
| 500 | _aLit. 208. Životopis. údaje. Reg. men., lit. prác a prameňov. Pozn. Zozn. nenájdených prác V. I. Lenina. Faksim. rkp. 208 zázn. v slov. a češ. | ||
| 700 | 1 |
_aLenin, Vladimir Iľjič _4aut |
|
| 700 | 1 |
_aDorotjaková, Viktória _4trl |
|
| 700 | 1 |
_aFilkusová, Mária _4trl |
|
| 700 | 1 |
_aTakáč, Oto _4bkd |
|
| 958 | _aA | ||
| 999 |
_c15448 _d15448 |
||